|
|
|
|
| LEADER |
01234nam a2200277 a 4500 |
| 001 |
16272 |
| 003 |
BD-DhAAL |
| 008 |
090415r20032005njua b 001 0 eng d |
| 999 |
|
|
|c 195
|d 195
|
| 010 |
|
|
|a 2002032375
|
| 020 |
|
|
|a 8129702460
|
| 040 |
|
|
|a DLC
|c DLC
|d DLC
|d BD-DhAAL
|
| 082 |
0 |
0 |
|a 660.6
|2 21
|
| 100 |
1 |
|
|a Borém, Aluízio.
|9 41428
|
| 245 |
1 |
0 |
|a Understanding biotechnology /
|c Aluízio Borém, Fabrício R. Santos, David E. Bowen.
|
| 260 |
|
|
|a Upper Saddle, NJ :
|b Prentice Hall;
|a New Delhi:
|b Pearson Education,
|c c2003(reprinted 2005).
|
| 300 |
|
|
|a xvi, 216 pages :
|b ill ustrations;
|c 23 cm.
|
| 504 |
|
|
|a Includes bibliographical references (pages 205-208) and index.
|
| 541 |
1 |
|
|e 16272, 16273
|
| 650 |
|
0 |
|a Biotechnology
|v Popular works.
|9 41429
|
| 700 |
1 |
|
|a Santos, Fabrício R.
|9 41430
|
| 700 |
1 |
|
|a Bowen, David E.
|9 41431
|
| 852 |
|
|
|a Ayesha Abed Library
|c General Stacks
|
| 942 |
|
|
|2 ddc
|c BK
|
| 952 |
|
|
|0 0
|1 0
|2 ddc
|4 0
|6 660_600000000000000_UND
|7 0
|9 180
|a BRACUL
|b BRACUL
|c GEN
|d 2009-04-29
|g 237.00
|l 13
|m 94
|o 660.6 UND
|p 3010016273
|r 2026-01-07
|s 2025-10-27
|t 2
|w 2009-04-29
|y BK
|
| 952 |
|
|
|0 0
|1 0
|2 ddc
|4 0
|6 660_600000000000000_UND
|7 0
|9 14020
|a PHR
|b PHR
|c GEN
|d 2011-01-19
|l 6
|m 15
|o 660.6 UND
|p 3010016272
|r 2016-07-10
|s 2016-05-18
|t 1
|w 2011-01-19
|y BK
|